00612nam a22002057a 450000500170000000800410001704000070005824500220006525000280008749000240011552001320013965000190027165000110029065000160030165000150031765000190033294200120035199900150036395200280037820250513142729.0250513b |||||||| |||| 00| 0 eng d cDO aMajesty in motion aJuly 2002 Vol. 202 No 1 aNational Geographic aAmerica's Nuclear Waste, Bald Eagles, Somalia, Hotspot: The Philippines, Secret Weapon of the Confederacy, The Big Bloom, 20024 xNUCLEAR WASTE  xEAGLES xPHILIPPINES xTHE HUNLEY xTHE BIG BLOOM  2ddccCR c5507d5507 aDObDOpDSMSR072002-072